000
002910000a22000970004500
100
1
_a
Lamp, Jeffrey S.
245
1
0
_a
Wisdom in Col. 1:15-20 : Contribution and significance
300
_a
Vol. 41, Num 1 (Marzo, 1998), Páginas 45-54
773
0
_t
Journal of the Theological Society
942
_c
ANA
999
_c
54569
_d
54569